000 00759nam a22002657a 4500
003 0
005 20180701150006.0
008 0
010 _aA-999054
020 _c150.00
_a8120316339
035 _aA-999054, A-999055
037 _bCen Lib/Ret
040 _aDPL
_bEN
_c0
082 _a914.204
_bOLS
100 _aOlson, Donald
_939330
245 _aThe complete idiot's travel guide to London /
_cby Donald Olson
246 _b
260 _bPrintice-Hall of India
_aDelhi
_c1999
270 _bNew Delhi
_aM-97, Cannaught Circus
_e110001
300 _axiv,354p.
_c22cm(Hb)
500 _aIncludes index
650 _aLondon (England) -- Guidebooks
_939331
650 _aEngland -- London
_939332
942 _2ddc
_cEN
_h914.204
_mOLS
999 _c133941
_d133941